Classifica Marcatori La Liga 2024-2025 - Statistics

Statistiche generali
  • Questo quiz è stato fatto 21 volte
  • Il punteggio medio è 5 su 10
Statistiche sulle risposte
Gol Nazione Squadra Calciatore % Corretto
31 Francia Real Madrid Kylian Mbappé
100%
20 Norvegia Atlético Madrid Alexander Sørloth
84%
17 Argentina Atletico Madrid Julián Álvarez
84%
18 Brasile Barcellona Raphinha
84%
27 Polonia Barcellona Robert Lewandowski
84%
21 Croazia Osasuna Ante Budimir
68%
15 Spagna Athletic Bilbao Oihan Sancet
16%
12 Spagna Espanyol Javi Puado
11%
19 Spagna Villarreal Ayoze Pérez
5%
13 Spagna Alavés Kike García
5%
Nessun quiz corrispondente trovato
Distribuzione punteggi
Percentuale di utenti per punteggio
Percentile per numero di risposta
I tuoi punteggi nel tempo
Non hai fatto questo quiz